Keymark - jednotná certifikačná značka únie
Európsky výbor pre normalizáciu (CEN) a Európsky výbor pre normalizáciu v elektronike (CENELEC) zaviedli certifikáciu zhody výrobkov s európskymi normami a značku Keymark. Vydávanie licencie na používanie značky Keymark. Subjekty zodpovedné za vydanie značky Keymark. Situácia na Slovensku.
Salvato in:
| Autore principale: | |
|---|---|
| Natura: | Capitolo di libro |
| Lingua: | slovacco |
| Soggetti: | |
| Tags: |
Nessun Tag, puoi essere il primo ad aggiungerne!!
|
MARC
| LEADER | 00000naa$a2200000$$$4500 | ||
|---|---|---|---|
| 001 | 0025808 | ||
| 005 | 20231004125410.2 | ||
| 041 | 0 | |a slo | |
| 044 | |a SK | ||
| 245 | 1 | 0 | |a Keymark - jednotná certifikačná značka únie |c Zuzana Kollárová |
| 520 | |a Európsky výbor pre normalizáciu (CEN) a Európsky výbor pre normalizáciu v elektronike (CENELEC) zaviedli certifikáciu zhody výrobkov s európskymi normami a značku Keymark. Vydávanie licencie na používanie značky Keymark. Subjekty zodpovedné za vydanie značky Keymark. Situácia na Slovensku. | ||
| 610 | 2 | 0 | |a normy |
| 610 | 2 | 0 | |a certifikácia |
| 610 | 2 | 0 | |a bezpečnosť výrobkov |
| 610 | 2 | 0 | |a kvalita |
| 610 | 2 | 0 | |a ochrana spotrebiteľa |
| 610 | 2 | 0 | |a Slovensko |
| 610 | 2 | 0 | |a Európska únia |
| 100 | 1 | |a Kollárová, Zuzana | |